| 000 | 00683nam a22001935i 4500 | ||
|---|---|---|---|
| 001 | 48683 | ||
| 003 | ES-MaACL | ||
| 005 | 20250907063042.0 | ||
| 007 | t| | ||
| 008 | 950731s1883 sp ||||1| spa d | ||
| 040 |
_aCAM _bspa _cCAM |
||
| 100 | 1 |
_aDíaz y Pérez, Nicolás, _d1841-1902 _944467 |
|
| 245 | 1 | 0 |
_aInfluencia de Extremadura en la literatura española / _cconferencia dada por Nicolás Diaz y Pérez en el Ateneo de Badajoz la noche del 25 de junio de 1883. |
| 260 |
_aBadajoz : _b[s.n.], _c1883 ( _fTip. La Minerva Extremeña) |
||
| 300 |
_a66 p. ; _c18 cm. |
||
| 710 | 2 |
_aAteneo de Badajoz. _91857 |
|
| 852 |
_aES-MaACL _jT-1011-F-5 |
||
| 999 |
_c48683 _d48683 |
||